Molecular structure and spectroscopy (Record no. 152167)
[ view plain ]
| 000 -LEADER | |
|---|---|
| fixed length control field | 00520nam a2200205Ia 4500 |
| 003 - CONTROL NUMBER IDENTIFIER | |
| control field | OSt |
| 005 - DATE AND TIME OF LATEST TRANSACTION | |
| control field | 20250816092959.0 |
| 008 - FIXED-LENGTH DATA ELEMENTS--GENERAL INFORMATION | |
| fixed length control field | 210210b2013 xxu||||| |||| 00| 0 eng d |
| 020 ## - INTERNATIONAL STANDARD BOOK NUMBER | |
| International Standard Book Number | 9788120332157 |
| 040 ## - CATALOGING SOURCE | |
| Transcribing agency | AL |
| 041 ## - LANGUAGE CODE | |
| Language code of text/sound track or separate title | eng |
| 082 ## - DEWEY DECIMAL CLASSIFICATION NUMBER | |
| Classification number | 541.22 ARUM |
| 100 ## - MAIN ENTRY--PERSONAL NAME | |
| Personal name | Aruldhas G |
| 9 (RLIN) | 235818 |
| 245 ## - TITLE STATEMENT | |
| Title | Molecular structure and spectroscopy |
| 260 ## - PUBLICATION, DISTRIBUTION, ETC. | |
| Place of publication, distribution, etc. | Delhi |
| Name of publisher, distributor, etc. | PHI Learning Pvt. Ltd. |
| Date of publication, distribution, etc. | 2013 |
| 300 ## - PHYSICAL DESCRIPTION | |
| Extent | xvi,427p |
| 690 ## - LOCAL SUBJECT ADDED ENTRY--TOPICAL TERM (OCLC, RLIN) | |
| Topical term or geographic name as entry element | Physical & Theoretical Chemistry |
| 9 (RLIN) | 235823 |
| 906 ## - LOCAL DATA ELEMENT F, LDF (RLIN) | |
| a | 067857 |
| 942 ## - ADDED ENTRY ELEMENTS (KOHA) | |
| Source of classification or shelving scheme | Dewey Decimal Classification |
| Koha item type | Book |
| Withdrawn status | Lost status | Damaged status | Not for loan | Collection code | Home library | Current library | Shelving location | Date acquired | Source of acquisition | Cost, normal purchase price | Total Checkouts | Full call number | Barcode | Date last seen | Date last checked out | Price effective from | Koha item type |
|---|---|---|---|---|---|---|---|---|---|---|---|---|---|---|---|---|---|
| St Aloysius Library | St Aloysius Library | 02/17/2021 | Prajwal Book Distributors, Bangalore-560061 | 325.00 | 1 | 541.22 ARUM | 067857 | 07/02/2025 | 07/01/2025 | 02/17/2021 | Book |